A pilot study on the use of satellite remote sensing data for agro-ecological mapping of Peninsular Malaysia

Bibliographic Details
Main Author: NIK Nasruddin Mahmood
Corporate Author: Institut Penyelidikan dan Kemajuan Pertanian Malaysia (MARDI)
Other Authors: Bruneau, Le Men
Format: Book
Published: Serdang, Selangor : MARDI , 1983
Series:Special report; n. ASAS-02083
Subjects:

MARC

LEADER 00000cam a2200000 7i4500
001 0000001514
005 20010726.0
090 0 0 |a 630.095951   |b NAS 1983 
100 0 0 |a NIK Nasruddin Mahmood 
245 1 2 |a A pilot study on the use of satellite remote sensing data for agro-ecological mapping of Peninsular Malaysia   |c by Nik Nasruddin Mahmood, Michel Bruneau, Herve Le Men 
260 0 0 |a Serdang, Selangor :   |b MARDI ,   |c 1983 
300 |a 46 p. :   |b ill., maps (2 fold in back pocket) ;   |c 30 cm. 
440 0 0 |a Special report; n. ASAS-02083 
500 0 0 |a Bibliography : p. 45 
650 0 0 |a Agriculture   |z Malaysia   |x Remote sensing 
650 0 0 |a Ecology   |z Malaysia   |x Remote sensing 
700 0 1 |a Bruneau   |h Michel 
700 0 1 |a Le Men   |h Herve 
710 1 1 |a Institut Penyelidikan dan Kemajuan Pertanian Malaysia (MARDI) 
998 |a JPSM 
999 |a 0000003930   |b Monograph   |c Open Shelf   |e Default branch